LIBRARY & INFORMATION CENTRE, KCAET, TAVANUR

ONLINE PUBLIC ACCESS CATALOGUE (OPAC)

Ground and Surface water Hydrology (Record no. 14514)

MARC details
000 -LEADER
fixed length control field 00299nam a22001217a 4500
020 ## - INTERNATIONAL STANDARD BOOK NUMBER
ISBN 9780470169872
082 ## - DEWEY DECIMAL CLASSIFICATION NUMBER
Classification number 551.48
Item number MAY/GR
100 ## - MAIN ENTRY--AUTHOR NAME
Personal name Mays,Larry W.
245 ## - TITLE STATEMENT
Title Ground and Surface water Hydrology
260 ## - PUBLICATION, DISTRIBUTION, ETC. (IMPRINT)
Place of publication Hoboken
Name of publisher John Wiley and Sons, Inc.
Year of publication 2012
300 ## - PHYSICAL DESCRIPTION
Number of Pages 617
942 ## - ADDED ENTRY ELEMENTS (KOHA)
Koha item type Reference
Holdings
Withdrawn status Lost status Damaged status Collection code Home library Current library Shelving location Date acquired Source of acquisition Cost, normal purchase price Full call number Accession Number Koha item type
        KAUAET KAUAET General Stacks 13/07/2016 Neoti Book Agency Pvt Ltd, New Delhi 26979.00 551.48 MAY/GR 25069 Books
      Reference KAUAET KAUAET Reference 13/07/2016 Neoti Book Agency Pvt Ltd, New Delhi 26979.00 551.48 MAY/GR 25070 Reference
free website counter